Exprese cytokeratinů u spinocelulárního karcinomu děložního čípku

Bibliographic Details
Main Authors: Rejthar, Aleš, 1938-2015 (Author), Ptáčková, B. (Author), Zatočil, P. (Author), Nenutil, R. (Author)
Format: Article
Language:Czech

MARC

LEADER 00000nab a2200000uu 4500
001 vtls011136819
003 SK-MaSNL
005 20260303130806.0
008 230218|1994 xo |||||||||||||||||cze|
015 |a SNBRB 
035 |a (urnnbn)urn:nbn:sk:snk:ar-007sba 
035 |a (uuid)b6beabd0-f861-4b13-9d1f-dbe452dfe11b 
035 |a urn:nbn:sk:snk-abapl0 
040 |a SNKBUCL  |b slo  |c SNKBUCL  |e AACR2 
041 0 |a cze 
044 |a xo  |c SK 
100 1 |a Rejthar, Aleš,  |d 1938-2015  |4 aut  |9 199105 
245 1 0 |a Exprese cytokeratinů u spinocelulárního karcinomu děložního čípku  |c A. Rejthar, B. Ptáčková, P. Zatočil, R. Nenutil 
700 1 |a Ptáčková, B.  |4 aut  |9 1146741 
700 1 |a Zatočil, P.  |4 aut  |9 1146742 
700 1 |a Nenutil, R.  |4 aut  |9 1146743 
773 0 |t Česko-slovenská patologie a Soudní lékařství : časopis Společnosti patologů a společnosti soudního lékařství  |g Roč. 30/39, č. 4 (1994), s. 126-129 
954 |a odborná, vedecká literatúra cudzojazyčná (svetová)  |2 lita 
958 |a OND 
958 |a EUIPO 
958 |a article14 
999 |c 1942002  |d 1943932